000 00328cam a22001097a 4500
008 180718b xxu||||| |||| 00| 0 eng d
082 _aT000x5414 1951-56
245 _aFirst five year plan of Orissa
_cby Cabinet Department, Orissa
260 _aCuttack
_bCabinet Department
_c
300 _a275p.
700 _aOrissa. Cabinet Department
999 _c496832
_d496832